Indonesian rubber industry (Record no. 61142)

MARC details
000 -LEADER
fixed length control field 00320nam a2200133Ia 4500
100 ## - MAIN ENTRY--AUTHOR NAME
Personal name Budiman
245 #0 - TITLE STATEMENT
Title Indonesian rubber industry
260 ## - PUBLICATION, DISTRIBUTION, ETC. (IMPRINT)
Name of publisher Indian Rubber Journal
Year of publication 1997
300 ## - PHYSICAL DESCRIPTION
Number of Pages 122-127
650 ## - SUBJECT ADDED ENTRY--TOPICAL TERM
Topical Term Indonesia
650 ## - SUBJECT ADDED ENTRY--TOPICAL TERM
Topical Term Rubber industry
942 ## - ADDED ENTRY ELEMENTS (KOHA)
Koha item type Journals
Holdings
Withdrawn status Lost status Damaged status Not for loan Home library Current library Shelving location Date acquired Serial Enumeration / chronology Koha item type
      Journals RRII Library RRII Library Agricultural economics 17/12/2021 Volume 25, Issue Mar/A Journals